| 000 | 00702nam a2200229Ia 4500 | ||
|---|---|---|---|
| 003 | IEPS | ||
| 005 | 20250703135315.0 | ||
| 008 | 250223s9999||||xx |||||||||||||| ||und|| | ||
| 020 | _a9789957063061 | ||
| 040 | _CIEPS | ||
| 041 | _aara | ||
| 082 | _a155.4 | ||
| 100 | _aالبطاينة اسامة محمد | ||
| 245 | 0 | _aعلم نفس الطفل غير العادي | |
| 250 | _aط. 02 | ||
| 260 |
_aعمان _bدار المسيرة للنشر و التوزيع و الطباعة _c2009 |
||
| 300 |
_a688 ص. _bجداول ، رسوم _c24 سم. |
||
| 653 | _aالطفولة | ||
| 653 | _aعلم نفس الطفولة | ||
| 700 | _aالجراح عبد الناصر ذياب | ||
| 942 | _cكتاب | ||
| 999 |
_c13231 _d13231 |
||